Odvetvie hutníckeho priemyslu v období svetovej hospodárskej krízy

Charakteristika hospodárskej situácie Slovenskej republiky v krízovom období. Situácia v hutníckom priemysle. Prepad tržieb v roku 2009. Tržby za výkony a tovar (2006-2010). Priemerný počet zamestnaných osôb v sledovanom období. Priemerná mesačná nominálna mzda. Pozitívne vyhliadky v roku 2010 a 20...

Descrizione completa

Salvato in:
Dettagli Bibliografici
Autore principale: Deáková, Stanislava, 1974-
Natura: Capitolo di libro
Lingua:slovacco
Soggetti:
Tags: Aggiungi Tag
Nessun Tag, puoi essere il primo ad aggiungerne!!

MARC

LEADER 00000nla$a2200000$$$4500
001 0142295
005 20240502072541.2
041 0 |a slo 
044 |a SK 
245 1 0 |a Odvetvie hutníckeho priemyslu v období svetovej hospodárskej krízy  |c Stanislava Deáková 
520 |a Charakteristika hospodárskej situácie Slovenskej republiky v krízovom období. Situácia v hutníckom priemysle. Prepad tržieb v roku 2009. Tržby za výkony a tovar (2006-2010). Priemerný počet zamestnaných osôb v sledovanom období. Priemerná mesačná nominálna mzda. Pozitívne vyhliadky v roku 2010 a 2011. 
610 2 0 |a hutníctvo 
610 2 0 |a situácia hospodárska 
610 2 0 |a výroba 
610 2 0 |a tovar 
610 2 0 |a tržby 
610 2 0 |a kríza hospodárska 
610 2 0 |a mzdy nominálne 
610 2 0 |a zamestnanci 
610 2 0 |a zamestnanosť 
610 2 0 |a Slovensko 
100 1 |a Deáková, Stanislava, 1974-